Countries With the Most Landmines - Statistics

General Stats
  • This quiz has been taken 119 times
  • The average score is 7 of 10
Answer Stats
Hint # of Landmines Country % Correct
Asia 10,000,000 Iraq
87%
Asia 10,000,000 Afghanistan
80%
Asia 16,000,000 Iran
80%
Africa 23,000,000 Egypt
75%
Africa 1,000,000 Somalia
73%
Europe 3,000,000 Bosnia and Herzegovina
65%
Asia 8-10,000,000 Cambodia
65%
Africa 10-20,000,000 Angola
58%
Africa 3,000,000 Mozambique
42%
Asia 5,000,000 Kuwait
39%
No matching quizzes found
Score Distribution
Percent of People with Each Score
Percentile by Number Answered
Your Score History
You have not taken this quiz